000 00407nam a2200169Ia 4500
008 170705s9999 xx 000 0 und d
020 _a9780545392082
245 _aSanta duck and this merry helpers /
245 _cby David Milgrim.
260 _aNew York :
260 _bScholastic,
260 _c2010
300 _aunpaged :
300 _bcolor illustration ;
300 _c25cm.
500 _a470
999 _c337190
_d337190